Školy, vzdelávanie a peniaze. 2
Základné kritériá, ktoré musí obsahovať efektívny systém financovania školstva. Podpora štátu v prístupe občanov k vzdelaniu. Starostlivosť štátu o občanov objektívne znevýhodnených v prístupe k vzdelaniu. Filozofia štátnych dotácií školstva.
Na minha lista:
| Autor principal: | |
|---|---|
| Formato: | Capítulo de Livro |
| Idioma: | eslovaco |
| Assuntos: | |
| Tags: |
Sem tags, seja o primeiro a adicionar uma tag!
|
MARC
| LEADER | 00000naa a2200000 4500 | ||
|---|---|---|---|
| 001 | r021255 | ||
| 005 | 20230801104636.0 | ||
| 041 | 0 | |a slo | |
| 044 | |a SK | ||
| 245 | 1 | 0 | |a Školy, vzdelávanie a peniaze. 2 |c P. Straka |
| 520 | |a Základné kritériá, ktoré musí obsahovať efektívny systém financovania školstva. Podpora štátu v prístupe občanov k vzdelaniu. Starostlivosť štátu o občanov objektívne znevýhodnených v prístupe k vzdelaniu. Filozofia štátnych dotácií školstva. | ||
| 610 | 2 | 0 | |a Slovensko |
| 610 | 2 | 0 | |a školstvo |
| 610 | 2 | 0 | |a vzdelávanie |
| 610 | 2 | 0 | |a financovanie |
| 610 | 2 | 0 | |a dotácie |
| 100 | 1 | |a Straka, P. | |